00721nam a22001097a 4500008004100000100001800041245006400059260002000123300003900143520040900182773002000591230309b ||||| |||| 00| 0 eng d aSharam, B.K.  aIndia’s foreign policy in evolving geopolitical scenario  aU.S.I. Journal  a152(630), Oct-Dec, 2022: p.480-490 aAt a juncture when a buoyant India is well on its transition from a balancing power to a leading power, unprecedented geopolitical developments are unravelling at a fast pace in our strategic neighborhood and beyond. The three strategic shocks viz, COVID pandemic, Talibanization of Afghanistan and Ukraine crisis have impacted globalization and the world order with ramifications for India,- Reproduced  aU.S.I. Journal